Statistics for Geography Multiple Choice #5

Click here to take the quiz!

General Stats

  • This quiz has been taken 42 times
  • The average score is 8 of 10

Answer Stats

QuestionAnswer% Correct
Which of the following countries borders two (or more) oceans?Canada
100%
Which of the following countries is in Europe?Monaco
98%
Which continent is the city Alexandria located in?Africa
88%
Which continent is the country Georgia located in?Asia
80%
Which of the following is a "sandwich" country? (A country that is bordered by only two countries, given that those two countries don't border each other)United States
80%
Which of the following is an actual city?Thessaloniki
78%
Which of the following is an actual country?Kyrgyzstan
76%
Which ocean borders Antarctica?Southern Ocean
68%
Where is the Customary unit of measurement used?USA
66%
Where was Maggi invented?Switzerland
41%

Score Distribution

Percentile by Number Answered

Percent of People with Each Score

Your Score History

You have not taken this quiz